| 000 | 00637nam a2200229Ia 4500 | ||
|---|---|---|---|
| 005 | 20260429112107.0 | ||
| 008 | 260429s9999||||xx |||||||||||||| ||und|| | ||
| 020 | _a9781032342719 | ||
| 041 | _aEnglish | ||
| 082 |
_a613.2 _bFOR |
||
| 100 | _aForsyth, Adrienne | ||
| 245 | 0 |
_aNutrition for sport, exercise, and performance : _bscience and application / _cAdrienne Forsyth |
|
| 250 | _a2nd ed. | ||
| 260 |
_aLondon : _bRoutledge, _c2024. |
||
| 300 | _axviii, 340 p.; pbk | ||
| 650 | _a Nutrition | ||
| 650 | _a Performance | ||
| 650 | _aSport | ||
| 700 | _a Belski, Regina | ||
| 700 | _a Mantzioris, Evangeline | ||
| 942 | _cTB | ||
| 999 |
_c52317 _d52317 |
||